000 01553nam a22003977a 4500
003 CHAP
005 20220329143916.0
008 130812s2012 mx r 00010 spa d
010 _a103601
011 _a104573
035 _a115263
040 _cCHAP
090 _aTesis
100 1 _aCogco Aguilar, Daniel
_924354
245 1 0 _aDiseño de una máquina para picar brócoli
_h[En línea]
_c/por Daniel Cogco Aquilar y Max Fernando Flores Jiménez
260 _aChapingo, Méx. :
_bEl autor,
_c2012
500 _aPara ver el contenido del material haga clic en la liga
502 _aTesis (Ing. Mecánico Agrícola) -- UACH Departamento de Ingeniería Mecánica Agrícola
590 _aALEPH
_b10
_c20130110
_lUCH01
_h1545
590 _aBATCH-UPD
_b10
_c20130110
_lUCH01
_h1324
590 _aBATCH-UPD
_b10
_c20130410
_lUCH01
_h0832
590 _aBATCH-UPD
_b10
_c20130914
_lUCH01
_h0751
590 _aBATCH-UPD
_b10
_c20140324
_lUCH01
_h1532
590 _aBATCH-UPD
_b10
_c20141002
_lUCH01
_h0854
590 _aBATCH
_b00
_c20181121
_lUCH01
_h0759
590 _aCONVERSION
_b10
_c20130109
_lUCH01
_h1357
650 0 4 _aBrócoli
_xTecnología postcosecha.
_915550
650 0 4 _aMecánica
_xAparatos e instrumentos.
_973811
700 1 _aFlores Jiménez, Max Fernando.
_941598
856 _3Finding aid
_uhttp://10.13.5.2/tesis/115263.pdf
_zTeclea aqui
856 _a1
_n0001657
901 _aBK
942 _cFOLL
949 _aTesis
_bBC
_cLIBRO
_d33724002331256
_eTS2
_fc.2
_h53637
_i115263
_st
949 _aTesis
_bBC
_cLIBRO
_d33724002331298
_eTS1
_h53636
_i115263
_st
999 _c103601
_d103601